00629nam a2200205Ia 450000500170000000800410001702000240005804000190008204100120010108200170011310000190013024500660014926000410021530000300025644000280028650400500031465000140036465100350037885000100041320230522102439.0131103s9999 xx 000 0 und d a019562422 XcRs.100 aLoreto College aEnglish a330.954bBAR aBardhan,Pranab 4aThe political economy of development in IndiacPranab Bardhan aDelhibOxford University Pressc1984 aviii,118 p.b ill.,tables aOxford India Paperbacks aIncludes bibliographical references and index aEconomics aIndia - Economical Development aLCLIB